| 000 | 00495cam a2200205ua 4500 | ||
|---|---|---|---|
| 020 | _c15.00 | ||
| 041 |
_aeng _h |
||
| 082 |
_a510 _bSHA/CO |
||
| 100 | _aSharma, S D . | ||
| 245 |
_aComplete solutions to basic mathematics / _cS D Sharma. _hTextual Documents |
||
| 260 |
_aMeerut : _bA S Prakashan , _c1966. |
||
| 300 | _a240 ; . | ||
| 365 | _a15.00 | ||
| 504 | _a | ||
| 942 | _cBK | ||
| 999 |
_c9891 _d9891 |
||